NLSUI OPAC header image

Textbook on administrative law (Record no. 25452)

MARC details
000 -LEADER
fixed length control field 02553cam a2200421 a 4500
001 - CONTROL NUMBER
control field 15388166
003 - CONTROL NUMBER IDENTIFIER
control field OSt
005 - DATE AND TIME OF LATEST TRANSACTION
control field 20250730234228.0
008 - FIXED-LENGTH DATA ELEMENTS--GENERAL INFORMATION
fixed length control field 080730s2009 enk b 001 0 eng
010 ## - LIBRARY OF CONGRESS CONTROL NUMBER
LC control number 2008033834
015 ## - NATIONAL BIBLIOGRAPHY NUMBER
National bibliography number GBA887698
Source bnb
016 7# - NATIONAL BIBLIOGRAPHIC AGENCY CONTROL NUMBER
Record control number 014668039
Source Uk
020 ## - INTERNATIONAL STANDARD BOOK NUMBER
International Standard Book Number 9780199217762
Qualifying information pbk. : alk. paper
020 ## - INTERNATIONAL STANDARD BOOK NUMBER
International Standard Book Number 0199217769
Qualifying information pbk. : alk. paper
035 ## - SYSTEM CONTROL NUMBER
System control number 15388166
035 ## - SYSTEM CONTROL NUMBER
System control number (OCoLC)234296873
Canceled/invalid control number (OCoLC)230724553
040 ## - CATALOGING SOURCE
Original cataloging agency DLC
Transcribing agency DLC
Modifying agency UKM
-- YDXCP
-- BTCTA
-- BAKER
-- BWKUK
-- BWK
-- CDX
-- BWX
-- DLC
043 ## - GEOGRAPHIC AREA CODE
Geographic area code e-uk---
050 00 - LIBRARY OF CONGRESS CALL NUMBER
Classification number KD4879
Item number .L49 2009
082 00 - DEWEY DECIMAL CLASSIFICATION NUMBER
Classification number 342 LEY
Edition number 22
100 1# - MAIN ENTRY--PERSONAL NAME
Personal name Leyland, Peter,
Titles and words associated with a name lecturer in law.
245 10 - TITLE STATEMENT
Title Textbook on administrative law
Statement of responsibility, etc. Peter Leyland, Gordon Anthony.
250 ## - EDITION STATEMENT
Edition statement 6th ed.
260 ## - PUBLICATION, DISTRIBUTION, ETC.
Place of publication, distribution, etc. Oxford ;
-- New York :
Name of publisher, distributor, etc. Oxford University Press,
Date of publication, distribution, etc. 2009.
300 ## - PHYSICAL DESCRIPTION
Extent xliii, 535 p. ;
Dimensions 25 cm.
336 ## - CONTENT TYPE
Content type term text
Content type code txt
Source rdacontent
337 ## - MEDIA TYPE
Media type term unmediated
Media type code n
Source rdamedia
338 ## - CARRIER TYPE
Carrier type term volume
Carrier type code nc
Source rdacarrier
504 ## - BIBLIOGRAPHY, ETC. NOTE
Bibliography, etc. note Includes bibliographical references (p. [513]-518) and index.
505 0# - FORMATTED CONTENTS NOTE
Formatted contents note Introduction, theory and history -- Constitutional concepts and executive power -- The modern administrative state -- European union law -- The general issue of accountability : the role of parliament and MPS -- 'The ombudsman principle' -- Dispute resolution in the administrative state : tribunals and inquiries -- Administrative law and human rights -- Introduction to judicial review -- Illegality I -- Illegality II -- Wednesbury unreasonableness, proportionality, and equality -- Legitimate expectations -- Procedural impropriety I : statutory requirements -- Procedural impropriety II : the development of the rules of natural justice/fairness -- Procedural impropriety III : the requirements of natural justice/fairness -- Express and implied limits on judicial review : ouster and time limit clauses, the prerogative power, public interest immunity -- Filter mechanisms : rationing the remedies available -- The remedies -- Contracting and public bodies -- Public authority liability in tort -- Administrative law facing the future.
650 #0 - SUBJECT ADDED ENTRY--TOPICAL TERM
Topical term or geographic name entry element Administrative law
Geographic subdivision Great Britain.
700 1# - ADDED ENTRY--PERSONAL NAME
Personal name Anthony, Gordon,
Titles and other words associated with a name LLB.
856 41 - ELECTRONIC LOCATION AND ACCESS
Materials specified Table of contents only
Uniform Resource Identifier <a href="http://www.loc.gov/catdir/toc/ecip0825/2008033834.html">http://www.loc.gov/catdir/toc/ecip0825/2008033834.html</a>
906 ## - LOCAL DATA ELEMENT F, LDF (RLIN)
a 7
b cbc
c orignew
d 1
e ecip
f 20
g y-gencatlg
942 ## - ADDED ENTRY ELEMENTS (KOHA)
Source of classification or shelving scheme Dewey Decimal Classification
Koha item type BOOKs
Holdings
Withdrawn status Lost status Damaged status Not for loan Home library Current library Shelving location Date acquired Cost, normal purchase price Total Checkouts Full call number Barcode Date last seen Price effective from Koha item type
        NLS NLS   30/05/2017 2018.00   342 LEY 23037 30/05/2017 30/05/2017 BOOKs